Izveštaji o radu Narodne biblioteke Srbije 1990-1994

Bibliographic Details
Corporate Author: Narodna biblioteka Srbije (Author)
Other Authors: Djurdjić, Ljiljana (upr)
Format: Book
Language:Serbian
Published: Beograd Narodna biblioteka Srbije 1996
Subjects:

MARC

LEADER 00000nam a2200000 a 4500
001 vtls001341999
003 SK-MaSNL
005 20260301114616.0
008 251124s1996 YU 0 scc
020 |a 8670350610  |c [300,00] 
035 |a SNK000295154 
040 |a SNK  |b slo  |c SNK  |e AACR2 
044 |a YU 
080 |a 027.54(497.11)"1990/1994"  |2 1981 
110 2 |a Narodna biblioteka Srbije  |4 aut  |9 35391 
245 1 |a Izveštaji o radu Narodne biblioteke Srbije 1990-1994  |c [Djiljana Djurdjić] 
260 |a Beograd  |b Narodna biblioteka Srbije  |c 1996 
300 |a 329 s.  |c 20 cm 
610 2 7 |a Narodna biblioteka Srbije  |2 SNK  |9 35391 
700 1 |a Djurdjić, Ljiljana  |4 upr  |9 458324 
919 |a 86-7035-061-0 
999 |c 719081  |d 721011 
952 |t P60, <04>, [BOOK], {604}  |a SNK  |b SNK  |y VYP  |7 0  |p 17A0158416  |o snkID 96362  |i snkV 1039/98  |0 0  |1 0  |4 0  |d 1998-09-17  |l 0  |r 2005-01-02 00:00:00  |w 2026-02-23